书目信息 |
| 题名: |
邓小平理论和"三个代表"重要思想概论
|
|
| 作者: | 陈占安 , 孙蚌珠 主编 ;北京大学 组编 | |
| 分册: | ||
| 出版信息: | 北京 北京大学出版社 2005.03 |
|
| 页数: | 326页 | |
| 开本: | 23cm | |
| 丛书名: | ||
| 单 册: | ||
| 中图分类: | D261 , A849 | |
| 科图分类: | ||
| 主题词: | 邓小平理论--deng xiao ping li lun--概论--高等学校--教材 , "三个代表"思想--"san ge dai biao"si xiang--概论--高等学校--教材 | |
| 电子资源: | ||
| ISBN: | 7-301-08827-2 | |
| 000 | 01259nam0 2200289 450 | |
| 001 | 012006515078 | |
| 005 | 20060626105551.00 | |
| 010 | @a7-301-08827-2@dCNY28.00 | |
| 100 | @a20060612d2005 km y0chiy0120 ea | |
| 101 | 0 | @achi |
| 102 | @aCN@b110000 | |
| 105 | @ay a 000yy | |
| 200 | 1 | @a邓小平理论和"三个代表"重要思想概论@Adeng xiao ping li lun he"san ge dai biao"zhong yao si xiang gai lun@f陈占安, 孙蚌珠主编@Fchen zhan an,sun bang zhu zhu bian@g北京大学马克思主义学院组编@Gbei jing da xue ma ke si zhu yi xue yuan zu bian |
| 210 | @a北京@c北京大学出版社@d2005.03 | |
| 215 | @a326页@d23cm | |
| 300 | @a北京市高等教育精品教材立项项目 | |
| 320 | @a有书目。 | |
| 330 | @a本书主要介绍了邓小平理论是马克思主义在中国发展的新阶段、“三个代表”重要思想马克思主义在中国发展的最新成果、社会主义的本质和根本任务、中国特色社会主义政治建设等方面的内容。 | |
| 606 | 0 | @a邓小平理论@Adeng xiao ping li lun@x概论@x高等学校@j教材 |
| 606 | 0 | @a"三个代表"思想@A"san ge dai biao"si xiang@x概论@x高等学校@j教材 |
| 690 | @aD261@v4 | |
| 690 | @aA849@v4 | |
| 701 | 0 | @a陈占安@Achen zhan an@4主编 |
| 701 | 0 | @a孙蚌珠@Asun bang zhu@4主编 |
| 712 | 02 | @a北京大学@Abei jing da xue@b马克思主义学院@4组编 |
| 801 | 0 | @aCN@bQSSK@c20060626 |
| 905 | @a10447@dA849@eC650 | |
| 邓小平理论和"三个代表"重要思想概论/陈占安, 孙蚌珠主编/北京大学马克思主义学院组编.-北京:北京大学出版社,2005.03 |
| 326页;23cm |
| 北京市高等教育精品教材立项项目 |
| ISBN 7-301-08827-2:CNY28.00 |
| 本书主要介绍了邓小平理论是马克思主义在中国发展的新阶段、“三个代表”重要思想马克思主义在中国发展的最新成果、社会主义的本质和根本任务、中国特色社会主义政治建设等方面的内容。 |
| ● |
| 相关链接 |
|
|
|
正题名:邓小平理论和"三个代表"重要思想概论
索取号:A849/C650
 
预约/预借
| 序号 | 登录号 | 条形码 | 馆藏地/架位号 | 状态 | 备注 |
| 1 | 586258 | 205862583 | 社科库509/509社科库 5排3列2层/ [索取号:A849/C650] | 在馆 | |
| 2 | 586259 | 205862592 | 社科库509/509社科库 5排3列2层/ [索取号:A849/C650] | 在馆 | |
| 3 | 586260 | 205862609 | 社科库509/509社科库 5排3列2层/ [索取号:A849/C650] | 在馆 |